[Event "Women's Speed Chess Q4"]
[Site "chess.com INT"]
[Date "2021.06.03"]
[Round "7"]
[White "Matveeva, Olga"]
[Black "Li, Xueyi"]
[Result "0-1"]
[WhiteTitle "WIM"]
[BlackTitle "WGM"]
[WhiteElo "2145"]
[BlackElo "2328"]
[WhiteFideId "24107018"]
[BlackFideId "8605912"]
[EventDate "2021.06.03"]

1. d4 Nf6 2. c4 g6 3. g3 Bg7 4. Bg2 c6 5. Nc3 d5 6. b3 O-O 7. Nf3 a5 8. O-O Na6
9. Bb2 Bf5 10. Nd2 Qd7 11. e4 Bh3 12. e5 Ne8 13. Re1 Bxg2 14. Kxg2 Nec7 15. f4
c5 16. Nf3 dxc4 17. d5 cxb3 18. axb3 Rad8 19. Rxa5 Nxd5 20. Nxd5 Qxd5 21. Qc2
Qc6 22. Re2 Rd7 23. Qc4 e6 24. Ba3 Rc8 25. Rc2 Bf8 26. Kf2 Rcd8 27. Bc1 Rd3 28.
Ng5 Nb4 29. Re2 Qh1 30. Nxe6 Qxh2+ 31. Ke1 Rd1# 0-1

[Event "Women's Speed Chess Q4"]
[Site "chess.com INT"]
[Date "2021.06.03"]
[Round "7"]
[White "Eswaran, Aksithi"]
[Black "Adam, Ernestina"]
[Result "0-1"]
[WhiteTitle "WCM"]
[BlackTitle "WCM"]
[WhiteElo "1745"]
[BlackElo "1354"]
[WhiteFideId "2083485"]
[BlackFideId "165883"]
[EventDate "2021.06.03"]

1. e4 c6 2. d4 d5 3. exd5 cxd5 4. Bd3 Nf6 5. c3 Nc6 6. Bf4 Bg4 7. Qb3 Qd7 8. Nd2
e6 9. Ngf3 Bd6 10. Bxd6 Qxd6 11. O-O O-O 12. Rfe1 Rab8 13. Ne5 Bf5 14. Bxf5 exf5
15. Ndf3 Ne4 16. Qc2 f6 17. Nxc6 bxc6 18. Nh4 Qf4 19. g3 Qd6 20. Nxf5 Qe6 21.
Nh4 Qd6 22. Ng2 Ng5 23. Nh4 Rbe8 24. b3 Nh3+ 25. Kg2 Ng5 26. Nf5 Qd7 27. Ne3
Qh3+ 28. Kg1 Nf3+ 29. Kh1 Qxh2# 0-1

[Event "Women's Speed Chess Q4"]
[Site "chess.com INT"]
[Date "2021.06.03"]
[Round "7"]
[White "Nguyen, Hong Ngoc"]
[Black "Ziegenfuss, Antonia"]
[Result "0-1"]
[WhiteTitle "WCM"]
[BlackTitle "WFM"]
[WhiteElo "1957"]
[BlackElo "2157"]
[WhiteFideId "12403083"]
[BlackFideId "12962554"]
[EventDate "2021.06.03"]

1. d4 Nf6 2. Nf3 d5 3. c4 e6 4. g3 dxc4 5. Bg2 Bd7 6. Ne5 Bc6 7. Nxc6 Nxc6 8. e3
Qd7 9. Qc2 O-O-O 10. Qxc4 Nd5 11. Nc3 h5 12. Nxd5 exd5 13. Qe2 Kb8 14. h4 Be7
15. Bd2 Nb4 16. O-O Nc6 17. a3 g5 18. hxg5 Bxg5 19. f4 Bf6 20. b4 Rdg8 21. Kf2
h4 22. Qf3 Nxd4 23. Qxd5 hxg3+ 24. Ke1 Qxd5 25. Bxd5 Nc2+ 26. Ke2 Nxa1 27. e4 g2
28. Rg1 Rh1 29. Be3 Nc2 30. Bf2 Bd4 31. Bxd4 Nxd4+ 32. Kf2 Rxg1 33. e5 Rf1+ 0-1

[Event "Women's Speed Chess Q4"]
[Site "chess.com INT"]
[Date "2021.06.03"]
[Round "7"]
[White "Mammadova, Gulnar"]
[Black "Tarasova, Viktoriya"]
[Result "1-0"]
[WhiteTitle "IM"]
[BlackTitle "WIM"]
[WhiteElo "2382"]
[BlackElo "2226"]
[WhiteFideId "13403508"]
[BlackFideId "4175840"]
[EventDate "2021.06.03"]

1. e4 e5 2. Nf3 Nc6 3. Bc4 Bc5 4. d3 Nf6 5. O-O a6 6. Nc3 h6 7. Be3 Bxe3 8. fxe3
O-O 9. d4 d6 10. Qe1 Re8 11. Nh4 exd4 12. exd4 Nxd4 13. Qd2 Nc6 14. Nf5 Bxf5 15.
Rxf5 Ne5 16. Bb3 c5 17. Nd5 Nxe4 18. Qf4 c4 19. Qxe4 cxb3 20. axb3 Rc8 21. Nc3
Qd7 22. Raf1 Qc6 23. Qf4 Rf8 24. h3 b5 25. Rd1 Qc5+ 26. Kh2 b4 27. Nd5 Ng6 28.
Ne7+ Nxe7 29. Rxc5 dxc5 30. Qd6 Ng6 31. Qxa6 c4 32. bxc4 Rfe8 33. Qb7 Rb8 34.
Qf3 Ne5 35. Qf1 Ng6 36. Rd7 Ne5 37. Ra7 b3 38. cxb3 Rxb3 39. Qf2 Nd3 40. Qxf7+ 1-0

[Event "Women's Speed Chess Q4"]
[Site "chess.com INT"]
[Date "2021.06.03"]
[Round "7"]
[White "Socko, Monika"]
[Black "Daulyte-Cornette, Deimante"]
[Result "1/2-1/2"]
[WhiteTitle "GM"]
[BlackTitle "IM"]
[WhiteElo "2421"]
[BlackElo "2387"]
[WhiteFideId "1106619"]
[BlackFideId "12802859"]
[EventDate "2021.06.03"]

1. e4 Nf6 2. e5 Nd5 3. c4 Nb6 4. d4 d6 5. exd6 cxd6 6. Nc3 g6 7. Be3 Bg7 8. Rc1
O-O 9. Nf3 d5 10. c5 Nc4 11. b3 Nxe3 12. fxe3 Nc6 13. Be2 e5 14. dxe5 Nxe5 15.
Qxd5 Ng4 16. Qxd8 Rxd8 17. Nd1 Bf5 18. h3 Rxd1+ 19. Rxd1 Nxe3 20. Kf2 Nxd1+ 21.
Rxd1 Rc8 22. Rc1 Be4 23. b4 b6 24. Ke3 Bb7 25. Rc2 Bf8 26. Kd4 bxc5+ 27. bxc5
Rd8+ 28. Ke3 Rc8 29. Kd4 Rd8+ 30. Ke3 Rc8 31. Kd4 1/2-1/2

[Event "Women's Speed Chess Q4"]
[Site "chess.com INT"]
[Date "2021.06.03"]
[Round "7"]
[White "Vo, Thi Kim Phung"]
[Black "Nandhidhaa, P V"]
[Result "1-0"]
[WhiteTitle "WGM"]
[BlackTitle "WGM"]
[WhiteElo "2335"]
[BlackElo "2365"]
[WhiteFideId "12401838"]
[BlackFideId "5050847"]
[EventDate "2021.06.03"]

1. d4 c5 2. d5 e5 3. c4 d6 4. Nc3 Be7 5. Nf3 Nf6 6. Nd2 O-O 7. a3 Nbd7 8. Qc2
Re8 9. e3 Nf8 10. Bd3 Bd7 11. O-O Ng6 12. b3 Nh5 13. Bb2 Rf8 14. Bf5 Qc8 15. g4
Nf6 16. f3 Nh4 17. Bxd7 Qxd7 18. Ne2 Ne8 19. Ng3 f5 20. gxf5 Nxf5 21. Nxf5 Rxf5
22. Ne4 Nf6 23. Rf2 Rf8 24. Raf1 Nxe4 25. Qxe4 Qd8 26. Rg2 Bg5 27. f4 Bh6 28.
Rff2 exf4 29. Qe6+ R5f7 30. Qxh6 g6 31. Rxf4 Rxf4 32. Qg7# 1-0

[Event "Women's Speed Chess Q4"]
[Site "chess.com INT"]
[Date "2021.06.03"]
[Round "7"]
[White "Gaponenko, Inna"]
[Black "Starosta, Martyna"]
[Result "1-0"]
[WhiteTitle "IM"]
[BlackTitle "WCM"]
[WhiteElo "2357"]
[BlackElo "1910"]
[WhiteFideId "14101181"]
[BlackFideId "21818754"]
[EventDate "2021.06.03"]

1. e4 c5 2. c3 Nf6 3. e5 Nd5 4. Bc4 Nb6 5. Bb3 d5 6. exd6 exd6 7. Nf3 d5 8. d4
Nc6 9. O-O Be6 10. Re1 c4 11. Bc2 Bd6 12. Nbd2 Qc7 13. Nf1 O-O-O 14. b3 Bg4 15.
h3 Bh5 16. a4 cxb3 17. Bxb3 Na5 18. Bc2 Nbc4 19. Rb1 Kb8 20. Ne3 g5 21. Nxd5
Bh2+ 22. Kh1 Rxd5 23. g4 Bxg4 24. hxg4 Bf4 25. Be4 Rd6 26. Bxf4 gxf4 27. Rb5
Rh6+ 28. Kg2 Rg8 29. g5 Rh5 30. Rh1 Rxh1 31. Qxh1 Nd6 32. Qxh7 Re8 33. Re5 Rxe5
34. dxe5 Nxe4 35. Qxe4 Qxc3 36. Qxf4 Qb3 37. e6+ Kc8 38. exf7 1-0

[Event "Women's Speed Chess Q4"]
[Site "chess.com INT"]
[Date "2021.06.03"]
[Round "7"]
[White "Pavlidou, Ekaterini"]
[Black "Nurmanova, Alua"]
[Result "1-0"]
[WhiteTitle "WIM"]
[BlackTitle "WFM"]
[WhiteElo "2157"]
[BlackElo "2008"]
[WhiteFideId "4213262"]
[BlackFideId "13729390"]
[EventDate "2021.06.03"]

1. d4 Nf6 2. c4 g6 3. Nc3 Bg7 4. e4 d6 5. Bd3 O-O 6. Nge2 c5 7. d5 e6 8. Bg5
exd5 9. exd5 h6 10. Bh4 Re8 11. f4 Qa5 12. O-O Ng4 13. Bf2 Nxf2 14. Rxf2 Bg4 15.
h3 Bxe2 16. Rxe2 Nd7 17. Qc2 a6 18. Rae1 Bd4+ 19. Kh1 Nf6 20. Bxg6 Rxe2 21. Rxe2
Qc7 22. Bf5 Nh5 23. Ne4 Nxf4 24. Rf2 Bxf2 25. Qxf2 Ng6 26. Qg3 Kg7 27. Nxd6 Qb6
28. Qc3+ Kg8 29. Nxf7 Kxf7 30. Be6+ Ke8 31. Qg7 Qd6 32. Qxg6+ Kd8 33. Qg8+ Kc7
34. Qxa8 Qf4 35. Qg8 Qc1+ 36. Kh2 Qxb2 37. Qg3+ Kd8 38. Qd6+ 1-0

[Event "Women's Speed Chess Q4"]
[Site "chess.com INT"]
[Date "2021.06.03"]
[Round "7"]
[White "Pandey, Srishti"]
[Black "Mohota, Nisha"]
[Result "0-1"]
[WhiteTitle "WFM"]
[BlackTitle "IM"]
[WhiteElo "2026"]
[BlackElo "2195"]
[WhiteFideId "35093290"]
[BlackFideId "5004330"]
[EventDate "2021.06.03"]

1. d4 d5 2. c4 e6 3. Nf3 Nf6 4. g3 dxc4 5. Bg2 Bd7 6. O-O Bc6 7. Nbd2 b5 8. a4
a6 9. Re1 Bb4 10. e3 O-O 11. Qc2 Nbd7 12. e4 Nb6 13. a5 Nc8 14. d5 exd5 15. Nd4
Ne7 16. e5 Ne4 17. e6 f5 18. Re2 Bb7 19. Nf1 c5 20. Nf3 d4 21. Qd1 d3 22. Re3
Nd5 23. Ne5 Nxe3 24. Bxe3 Qe7 25. Nd7 Rfe8 26. Nb6 Rad8 27. h4 Qxe6 28. Bf4 c3
29. bxc3 Nxc3 30. Qd2 Ne2+ 31. Kh2 Bxd2 32. Nxd2 Bxg2 33. Kxg2 Qc6+ 34. f3 Nxf4+ 0-1

[Event "Women's Speed Chess Q4"]
[Site "chess.com INT"]
[Date "2021.06.03"]
[Round "7"]
[White "Padmini, Rout"]
[Black "Yu, Jennifer"]
[Result "1-0"]
[WhiteTitle "IM"]
[BlackTitle "FM"]
[WhiteElo "2370"]
[BlackElo "2312"]
[WhiteFideId "5029295"]
[BlackFideId "2078341"]
[EventDate "2021.06.03"]

1. e4 e5 2. Nf3 Nc6 3. Bc4 Bc5 4. d3 d6 5. c3 Nf6 6. O-O h6 7. Nbd2 O-O 8. Re1
a5 9. a4 Be6 10. Bb3 Re8 11. Nf1 d5 12. exd5 Nxd5 13. Ng3 Bb6 14. h3 Nf4 15.
Bxe6 Rxe6 16. Bxf4 exf4 17. Rxe6 fxe6 18. Ne4 e5 19. Qb3+ Kh8 20. Rd1 Qd7 21.
Qb5 Qf5 22. Nc5 e4 23. Nxe4 Qxb5 24. axb5 Ne7 25. d4 Rd8 26. Ne5 Kg8 27. Nc4 Nd5
28. Ra1 Re8 29. Ned2 Ra8 30. Kf1 Kf7 31. Ke2 Kf6 32. Kd3 Kf5 33. b4 a4 34. Nb2
a3 35. Nbc4 a2 36. Nb3 c6 37. bxc6 bxc6 38. Nc1 f3 39. g3 Re8 40. Nd6+ 1-0

[Event "Women's Speed Chess Q4"]
[Site "chess.com INT"]
[Date "2021.06.03"]
[Round "7"]
[White "Luong, Phuong Hanh"]
[Black "Gevorgyan, Maria"]
[Result "1-0"]
[WhiteTitle "WIM"]
[BlackTitle "WGM"]
[WhiteElo "2229"]
[BlackElo "2219"]
[WhiteFideId "12401013"]
[BlackFideId "13300270"]
[EventDate "2021.06.03"]

1. d4 Nf6 2. Nf3 g6 3. g3 Bg7 4. Bg2 c5 5. O-O cxd4 6. Nxd4 O-O 7. Nc3 Nc6 8.
Nb3 d6 9. Bf4 Be6 10. Qd2 Qc8 11. Bh6 Bh3 12. Bxg7 Kxg7 13. Nd5 Bxg2 14. Kxg2
Qe6 15. Nc7 Qe4+ 16. f3 Qc4 17. Nxa8 Rxa8 18. c3 a5 19. Qd3 Qe6 20. Nd4 Qe5 21.
Nxc6 bxc6 22. Rad1 Rb8 23. Rd2 Nd5 24. e4 Nf6 25. Qd4 Qb5 26. Rff2 h5 27. c4 Qb4
28. e5 dxe5 29. Qxe5 h4 30. a3 Qb3 31. Qd4 hxg3 32. hxg3 Rb7 33. Rd3 Rd7 34.
Qxd7 Qxc4 35. Qd4 Qc1 36. Rd1 Qg5 37. Rc2 e5 38. Qh4 Qf5 39. Rxc6 Nh5 40. Qg4 1-0

[Event "Women's Speed Chess Q4"]
[Site "chess.com INT"]
[Date "2021.06.03"]
[Round "7"]
[White "Sviridova, Vlada"]
[Black "Cyfka, Karina"]
[Result "0-1"]
[WhiteTitle "WFM"]
[BlackTitle "IM"]
[WhiteElo "2144"]
[BlackElo "2415"]
[WhiteFideId "24109606"]
[BlackFideId "1122681"]
[EventDate "2021.06.03"]

1. d4 d6 2. Nf3 Nf6 3. c4 Nbd7 4. Nc3 e5 5. e4 Be7 6. g3 O-O 7. Bg2 c6 8. O-O a6
9. a4 a5 10. h3 exd4 11. Nxd4 Nc5 12. Kh2 Re8 13. Qc2 Bf8 14. Rd1 h6 15. Be3 Qb6
16. f4 Be6 17. Nxe6 fxe6 18. e5 dxe5 19. fxe5 Nh7 20. Qf2 Qb4 21. Rf1 Nd3 22.
Qf7+ Kh8 23. Rab1 Nxe5 24. Qh5 Nxc4 25. Bc1 Nd6 26. Rf4 Qb3 27. Be3 Nf5 28. Bf2
Bd6 29. Rg4 Nf6 30. Qg6 Nxg4+ 31. hxg4 Nh4 32. Qh5 Nxg2 33. Kxg2 Rf8 34. Bd4
Qc2+ 35. Kh3 e5 36. Be3 Rf6 37. g5 Qf5+ 38. Kh4 Rg6 39. g4 Qe4 40. gxh6 Be7+ 0-1

[Event "Women's Speed Chess Q4"]
[Site "chess.com INT"]
[Date "2021.06.03"]
[Round "7"]
[White "Chitlange, Sakshi"]
[Black "Dordzhieva, Dinara"]
[Result "0-1"]
[WhiteTitle "WIM"]
[BlackTitle "WGM"]
[WhiteElo "2167"]
[BlackElo "2334"]
[WhiteFideId "35002899"]
[BlackFideId "24157570"]
[EventDate "2021.06.03"]

1. d4 Nf6 2. c4 e6 3. g3 d5 4. Bg2 dxc4 5. Nf3 a6 6. O-O Nc6 7. Nbd2 Nxd4 8.
Nxc4 Nxf3+ 9. Bxf3 Qxd1 10. Rxd1 Be7 11. Na5 Nd5 12. e4 Nb6 13. Bf4 c6 14. Rd3
O-O 15. Rb3 Bd8 16. Be3 Na4 17. Nxb7 Bxb7 18. Rxb7 Bf6 19. Rc1 Nxb2 20. Rxc6
Rfc8 21. Ra7 g6 22. Rxc8+ Rxc8 23. Rxa6 Nc4 24. Bf4 Kg7 25. h4 h6 26. Kg2 g5 27.
hxg5 hxg5 28. Bc1 Ne5 29. Bb2 Rc2 30. Bd4 g4 31. Bxe5 gxf3+ 32. Kxf3 Bxe5 33.
Ra4 Kf6 34. Ke3 Bd6 35. f4 Bc5+ 36. Kd3 Rg2 37. e5+ Kg6 38. Ke4 Rxg3 39. Ra8
Re3# 0-1

[Event "Women's Speed Chess Q4"]
[Site "chess.com INT"]
[Date "2021.06.03"]
[Round "7"]
[White "Zakirova, Aisha"]
[Black "Grigoryan, Meri"]
[Result "1-0"]
[WhiteTitle "WCM"]
[BlackTitle "WFM"]
[WhiteElo "1585"]
[BlackElo "2044"]
[WhiteFideId "13719734"]
[BlackFideId "13300571"]
[EventDate "2021.06.03"]

1. d4 d5 2. c4 e5 3. dxe5 d4 4. Nf3 Nc6 5. Nbd2 Nge7 6. Nb3 Ng6 7. a3 Be7 8.
Nfxd4 Ncxe5 9. e4 O-O 10. Be2 c5 11. Nb5 Be6 12. Qc2 a6 13. Nc3 Nxc4 14. O-O b5
15. Rd1 Qc7 16. a4 b4 17. Nd5 Bxd5 18. Bxc4 Bxc4 19. Qxc4 Rfd8 20. Be3 Ne5 21.
Qc2 c4 22. a5 Rdc8 23. Bb6 Qc6 24. Nd4 Qg6 25. Nf5 Bf6 26. Rd6 Kh8 27. Rad1 Nd3
28. Ne7 Qxe4 29. Nxc8 Rxc8 30. R6xd3 Re8 31. Re3 1-0

[Event "Women's Speed Chess Q4"]
[Site "chess.com INT"]
[Date "2021.06.03"]
[Round "7"]
[White "Potapova, Margarita"]
[Black "Ambartsumova, Karina"]
[Result "0-1"]
[WhiteTitle "WIM"]
[BlackTitle "IM"]
[WhiteElo "2252"]
[BlackElo "2382"]
[WhiteFideId "14126869"]
[BlackFideId "4166299"]
[EventDate "2021.06.03"]

1. d4 Nf6 2. c4 e6 3. Nc3 d5 4. Nf3 Bb4 5. cxd5 exd5 6. Bg5 h6 7. Bh4 g5 8. Bg3
Ne4 9. Nd2 Nxc3 10. bxc3 Be7 11. e3 Nc6 12. Bd3 h5 13. h4 gxh4 14. Bf4 Be6 15.
Rb1 Na5 16. Be5 f6 17. Bf4 c6 18. Qf3 Bg4 19. Bg6+ Kf8 20. Bc7 Qxc7 21. Qf4 Qxf4
22. exf4 Be6 23. Bd3 b5 24. Rxh4 Nc4 25. Bxc4 dxc4 26. f3 Bf5 27. Rd1 Ba3 28.
Kf2 Re8 29. g4 Bc2 30. Rdh1 Bd3 31. Re1 Rxe1 32. Kxe1 Kg7 33. gxh5 Re8+ 34. Kd1
Bb2 35. h6+ Kh7 0-1

[Event "Women's Speed Chess Q4"]
[Site "chess.com INT"]
[Date "2021.06.03"]
[Round "7"]
[White "Kanyamarala, Trisha"]
[Black "Chu, Ruotong"]
[Result "1-0"]
[WhiteTitle "WIM"]
[BlackTitle "WIM"]
[WhiteElo "2180"]
[BlackElo "2207"]
[WhiteFideId "45004722"]
[BlackFideId "8605653"]
[EventDate "2021.06.03"]

1. e4 c5 2. Nf3 e6 3. d4 cxd4 4. Qxd4 Nc6 5. Qe3 Qc7 6. a3 Nf6 7. Nc3 b6 8. h3
Bc5 9. Qg5 O-O 10. Bd3 h6 11. Qh4 Be7 12. e5 Nxe5 13. Nxe5 Qxe5+ 14. Be3 Nd5 15.
Qd4 Qxd4 16. Bxd4 Nxc3 17. Bxc3 Bb7 18. O-O d5 19. Rad1 Rac8 20. Rfe1 Bxa3 21.
Ra1 Bc5 22. Rxa7 Bc6 23. Ra6 d4 24. Bd2 Ra8 25. Rea1 Rxa6 26. Rxa6 e5 27. b4 Be7
28. Rxb6 Rc8 29. Ba6 Rc7 30. Rb8+ Kh7 31. b5 Bd5 32. b6 Rxc2 33. Bd3+ 1-0

[Event "Women's Speed Chess Q4"]
[Site "chess.com INT"]
[Date "2021.06.03"]
[Round "7"]
[White "Zaksaite, Salomeja"]
[Black "Vantika, Agrawal"]
[Result "0-1"]
[WhiteTitle "WIM"]
[BlackTitle "WIM"]
[WhiteElo "2202"]
[BlackElo "2286"]
[WhiteFideId "12801496"]
[BlackFideId "25050389"]
[EventDate "2021.06.03"]

1. e4 c5 2. Nf3 d6 3. d4 cxd4 4. Nxd4 Nf6 5. Nc3 a6 6. Bc4 e6 7. Bb3 Nbd7 8. Bg5
Nc5 9. Qe2 Be7 10. f4 Qc7 11. O-O-O b5 12. e5 dxe5 13. fxe5 Nfd7 14. Bxe7 Kxe7
15. Rhe1 Bb7 16. Qg4 g6 17. Qg5+ Ke8 18. Ndxb5 axb5 19. Nxb5 Nxb3+ 20. Kb1 Qa5
21. Nd6+ Kf8 22. cxb3 Kg7 23. a3 Bd5 24. Qe7 Rhf8 25. Qxd7 Bxb3 26. Rc1 Rab8 27.
Rf1 Qd2 28. Rxf7+ Rxf7 29. Qxf7+ Kh6 30. Qf6 Ba2+ 31. Kxa2 Qxb2# 0-1

[Event "Women's Speed Chess Q4"]
[Site "chess.com INT"]
[Date "2021.06.03"]
[Round "7"]
[White "Papp, Petra"]
[Black "Linares Napoles, Oleiny"]
[Result "0-1"]
[WhiteTitle "WGM"]
[BlackTitle "WGM"]
[WhiteElo "2336"]
[BlackElo "2255"]
[WhiteFideId "739049"]
[BlackFideId "3504794"]
[EventDate "2021.06.03"]

1. d4 Nf6 2. c4 g6 3. Nc3 Bg7 4. e4 d6 5. h3 O-O 6. Be3 e5 7. d5 Na6 8. g4 Nc5
9. f3 a5 10. Nge2 c6 11. Ng3 cxd5 12. cxd5 a4 13. Qd2 Qb6 14. h4 Bd7 15. h5 Rfc8
16. Be2 Qb4 17. Rc1 Be8 18. Kf1 b5 19. Kg2 Qa5 20. Bh6 Bh8 21. hxg6 fxg6 22. Be3
b4 23. Nb1 Rc7 24. g5 Nfd7 25. Rh2 Nf8 26. Nh1 Rac8 27. Nf2 Bd7 28. Rch1 Qb6 29.
Nd3 b3 30. a3 Bb5 31. Nxc5 dxc5 32. Nc3 Bd7 33. Bc4 Qd6 34. Qe2 Bg7 35. Bf2 Rb8
36. Bb5 Bxb5 37. Nxb5 Rxb5 38. Qxb5 c4 39. Be1 c3 40. Bxc3 Qe7 41. f4 exf4 42.
d6 Qxe4+ 43. Kf2 Bxc3 44. d7 Bd4+ 45. Kf1 Rc1# 0-1

[Event "Women's Speed Chess Q4"]
[Site "chess.com INT"]
[Date "2021.06.03"]
[Round "7"]
[White "Belenkaya, Dina"]
[Black "Kairbekova, Amina"]
[Result "1-0"]
[WhiteTitle "WGM"]
[BlackTitle "WFM"]
[WhiteElo "2304"]
[BlackElo "2132"]
[WhiteFideId "24142654"]
[BlackFideId "13712799"]
[EventDate "2021.06.03"]

1. e4 e6 2. Qe2 e5 3. c3 Nc6 4. Nf3 g6 5. d3 Bg7 6. Qc2 Nf6 7. Be2 O-O 8. O-O d5
9. Rd1 Re8 10. Bg5 h6 11. Bxf6 Bxf6 12. Nbd2 d4 13. Nf1 Bg4 14. h3 Bxf3 15. Bxf3
Qd7 16. Bg4 Qe7 17. g3 Rad8 18. c4 Bg7 19. a3 a5 20. b3 Rf8 21. Re1 f5 22. exf5
gxf5 23. Bf3 Qf6 24. Bd5+ Kh8 25. Qe2 Ne7 26. Bg2 c6 27. Nd2 Ng6 28. Nf3 Rfe8
29. Nd2 Qd6 30. Qh5 Qf6 31. b4 axb4 32. axb4 Ra8 33. b5 Ne7 34. f4 exf4 35. gxf4
Ng6 36. Rxa8 Rxa8 37. Qf3 Nh4 38. Qg3 Ra2 39. Re2 Kh7 40. Kh2 cxb5 41. cxb5 b6
42. Bd5 Rb2 43. Qf2 Qd6 44. Be6 Bf6 45. Qg3 Rxd2 46. Qg8# 1-0

[Event "Women's Speed Chess Q4"]
[Site "chess.com INT"]
[Date "2021.06.03"]
[Round "7"]
[White "Dong, Khanh Linh"]
[Black "Zaichenko, Daria"]
[Result "1/2-1/2"]
[WhiteTitle "WCM"]
[BlackTitle "WFM"]
[WhiteElo "1970"]
[BlackElo "2104"]
[WhiteFideId "12403040"]
[BlackFideId "4197453"]
[EventDate "2021.06.03"]

1. e4 c5 2. Nf3 Nc6 3. d4 cxd4 4. Nxd4 Nf6 5. Nc3 d6 6. Be2 e5 7. Nb3 Be6 8. Be3
Be7 9. O-O O-O 10. f3 d5 11. exd5 Nxd5 12. Nxd5 Bxd5 13. a3 Bxb3 14. cxb3 Qxd1
15. Rfxd1 Rad8 16. Kf2 Nd4 17. Bxd4 exd4 18. b4 Bg5 19. Bc4 Be3+ 20. Kg3 Rc8 21.
b3 Kh8 22. f4 f5 23. Kf3 h6 24. h4 Rfe8 25. Ra2 Re4 26. g3 a6 27. a4 g6 28. Rc2
Re7 29. Ra2 Kg7 30. Rh2 h5 31. Re2 Rec7 32. Ra2 Kf6 33. Rd3 Re7 34. Ra1 Rec7 35.
b5 a5 36. Re1 b6 37. Red1 Rc5 38. Re1 R8c7 39. Rb1 Ra7 40. Rdd1 Rcc7 41. Rb2 Ke7
42. Ke2 Kd6 43. Kd3 Kc5 44. Re2 Re7 45. Rde1 Kb4 46. Rf1 Rac7 47. Rb1 Re4 48.
Rd1 Re8 49. Rde1 Rec8 50. Rb1 Re8 51. Rbe1 Rce7 52. Rf1 Rc7 53. Rfe1 1/2-1/2

[Event "Women's Speed Chess Q4"]
[Site "chess.com INT"]
[Date "2021.06.03"]
[Round "7"]
[White "Selkirk, Rebecca"]
[Black "Tomilova, Elena"]
[Result "1-0"]
[WhiteTitle "WCM"]
[BlackTitle "WGM"]
[WhiteElo "1799"]
[BlackElo "2338"]
[WhiteFideId "14306514"]
[BlackFideId "4162340"]
[EventDate "2021.06.03"]

1. e4 e6 2. Nf3 c5 3. d4 cxd4 4. Nxd4 a6 5. Nc3 Qc7 6. Bd3 Nf6 7. O-O Nc6 8. Nf3
b5 9. a3 Bb7 10. Re1 Bc5 11. h3 d6 12. Be3 Nd7 13. Ng5 Nce5 14. f4 Bxe3+ 15.
Rxe3 Qc5 16. Qe2 Ng6 17. f5 O-O 18. fxg6 Qxg5 19. gxh7+ Kh8 20. Rf1 Ne5 21. Qe1
Rac8 22. Rg3 Qh6 23. Ne2 g5 24. Qd2 f6 25. Nd4 Rce8 26. Qc3 Re7 27. b3 Kxh7 28.
a4 Rc8 29. Qd2 Rf8 30. h4 Rg7 31. hxg5 Rxg5 32. Rh3 Rh5 33. Rxh5 Qxh5 34. Qf2
Bc8 35. Nf3 Ng4 36. Qg3 Rg8 37. Qxd6 bxa4 38. e5+ Kh6 39. exf6 Nxf6 40. Qf4+ Kg7
41. Ne5 Rf8 42. Qg3+ 1-0

[Event "Women's Speed Chess Q4"]
[Site "chess.com INT"]
[Date "2021.06.03"]
[Round "7"]
[White "Golubenko, Valentina"]
[Black "Doluhanova, Evgeniya"]
[Result "0-1"]
[WhiteTitle "WGM"]
[BlackTitle "WGM"]
[WhiteElo "2209"]
[BlackElo "2207"]
[WhiteFideId "4501993"]
[BlackFideId "14112035"]
[EventDate "2021.06.03"]

1. d4 Nf6 2. Nf3 e6 3. g3 b6 4. Bg2 Bb7 5. O-O Be7 6. c4 O-O 7. Nc3 Ne4 8. Qc2
Nxc3 9. bxc3 d5 10. cxd5 exd5 11. c4 Na6 12. cxd5 Nb4 13. Qb1 Nxd5 14. Bd2 c5
15. e4 Nc7 16. d5 f5 17. Bf4 fxe4 18. Bxc7 Qxc7 19. Qxe4 Bf6 20. Rae1 Rad8 21.
Qe6+ Qf7 22. Ne5 Bxe5 23. Rxe5 Rfe8 24. Qxf7+ Kxf7 25. Rfe1 Rxe5 26. Rxe5 Rd6
27. f4 c4 28. Kf2 b5 29. Ke2 Ra6 30. Ke3 Rxa2 31. Bh3 Ra1 32. d6 Re1+ 33. Kd4
Rxe5 34. fxe5 Ke8 35. Bf5 g6 36. Bc2 Bc6 37. Kc5 Bd7 38. Be4 a5 39. Bd5 c3 40.
Bb3 b4 41. Kd5 a4 42. Bc2 b3 43. Bd3 c2 44. e6 Bxe6+ 45. Kxe6 c1=Q 46. Bb5+ Kd8
47. Bxa4 b2 0-1

[Event "Women's Speed Chess Q4"]
[Site "chess.com INT"]
[Date "2021.06.03"]
[Round "7"]
[White "Petrova, Irina"]
[Black "Enkhtuul, Altan-Ulzii"]
[Result "1/2-1/2"]
[WhiteTitle "WIM"]
[BlackTitle "WGM"]
[WhiteElo "2110"]
[BlackElo "2228"]
[WhiteFideId "14124122"]
[BlackFideId "4901444"]
[EventDate "2021.06.03"]

1. e4 f6 2. Nf3 g6 3. d4 Bg7 4. Nc3 e5 5. dxe5 fxe5 6. Bg5 Bf6 7. Be3 Nc6 8. Bc4
d6 9. Qd2 Bg4 10. Ng5 Nh6 11. Ne6 Bxe6 12. Bxe6 Nf7 13. Bxf7+ Kxf7 14. Qd5+ Kg7
15. h4 h5 16. g3 Ne7 17. Qd2 Kh7 18. O-O-O Rf8 19. g4 Nc6 20. gxh5 gxh5 21. Qe2
Qe8 22. Rdg1 Nd4 23. Bxd4 exd4 24. Nd5 Qf7 25. Nxf6+ Qxf6 26. Qxh5+ Qh6+ 27.
Qxh6+ Kxh6 28. Rg2 Rf4 29. h5 Rxe4 30. Rg6+ Kh7 31. Rf6 Re7 32. h6 Rg8 33. Kd2
Rg6 34. Rxg6 Kxg6 35. Kd3 c5 36. Kc4 Kh7 37. Kd5 Re2 38. Rc1 Rxf2 39. Kxd6 b6
40. Kc6 Rf6+ 41. Kb7 Rf7+ 42. Ka6 Kxh6 43. a3 Kg5 44. b4 c4 45. Rd1 Rd7 46. Kb5
d3 47. Kxc4 dxc2 48. Rc1 Rc7+ 49. Kb3 Kf4 50. Rxc2 Rxc2 51. Kxc2 Ke3 52. Kc3 b5
53. Kc2 Kd4 54. Kd2 Kc4 55. Kc2 a6 56. Kb2 Kd3 57. Kb3 Kd2 58. Kb2 Kd1 59. Kb3
Kd2 60. Kb2 Kd3 61. Kb3 Kd4 62. Kb2 Kd3 1/2-1/2